000 02209nam a2200529 i 4500
001 15398
003 KOSZ 005
005 20200629110500.0
008 200414s1973 pl a f 100 0 pol
015 _aUWD 1973/4833
035 _a991033581519705066
035 _a(PL-WaBN)b18990228-48omnis_nlop
035 _ab18990228
035 _a(OCoLC)839026535
035 _a(PL)b0000001899022
035 _a(EXLNZ-48OMNIS_NETWORK)9910384429105606
040 _aWA N
_cWA N
_dKOSZ 005/RW
041 0 _apol
_beng
_brus
046 _k1973
080 _a631.8
245 0 0 _aStosowanie i wykorzystanie nawozów mineralnych /
_c[redakcja naukowa Wiktoria Skudlarska].
260 _aWrocław :
_bWydawnictwo Politechniki Wrocławskiej,
_c1973.
300 _a250 stron :
_bilustracje ;
_c24 cm.
336 _aTekst
_btxt
_2rdacontent
337 _aBez urządzenia pośredniczącego
_bn
_2rdamedia
338 _aWolumin
_bnc
_2rdacarrier
380 _aKsiążki
380 _aPublikacje naukowe
388 _a1901-2000
388 _a1945-1989
490 1 _aPrace Naukowe Instytutu Technologii Nieorganicznej i Nawozów Mineralnych Politechniki Wrocławskiej. Konferencje,
_x0084-2893 ;
_vnr 3
500 _aMateriały ze zjazdu naukowego: Perspektywy nawozów i nawożenia w Polsce, 20-21 września 1971.
500 _aNumeracja serii głównej: nr 6.
504 _aBibliografia przy pracach.
546 _aStreszczenia w języku rosyjskim i angielskim.
650 7 _aNawozy mineralne
_2DBN
650 7 _aZastosowanie i wykorzystanie
655 7 _aMateriały konferencyjne
_2DBN
658 _aRolnictwo i leśnictwo
700 1 _aSkudlarska, Wiktoria
_eRedakcja
710 2 _aOficyna Wydawnicza Politechniki Wrocławskiej
_4pbl
830 0 _aPrace Naukowe Instytutu Technologii Nieorganicznej i Nawozów Mineralnych Politechniki Wrocławskiej
_v6
830 0 _aPrace Naukowe Instytutu Technologii Nieorganicznej i Nawozów Mineralnych Politechniki Wrocławskiej.
_pKonferencje
_v3
856 _uhttp://koha.tu.koszalin.pl/cgi-bin/koha/opac-detail.pl?biblionumber=15398
_yKatalog online BPK
942 _2UKD
_cKS
999 _c15398
_d15398